000 00816nam a2200253 a 4500
001 1270
003 BR-CuiBMT
005 20231203185658.0
008 231201s2009 dfb 001 0 por d
040 _aBR-CuiBMT
_cBR-CuiBMT
080 _a32
_x-051(091)
_22007
090 _a32-051(091)
_bC824v
100 1 _aCorrêa, Oscar Dias
245 1 0 _aVultos e retratos /
_cOscar Dias Corrêa.
260 _aBrasília :
_bSenado Federal,
_c2009.
300 _a512 p. ;
_c23 cm
490 1 _aColeção edições do Senado Federal ;
_vv. 117
500 _aInclui índice.
600 1 4 _aCairú, José da Silva Lisboa,
_cVisconde de,
_d1756-1835
650 _aPolíticos brasileiros
_xBiografia
700 1 _aCastro, Augusto Olímpio Viveiros de
_4et al.
830 0 _aEdições do Senado Federal ;
_v117
942 _2udc
_cLV
999 _c1270
_d1270